Business research methods /

Bibliographic Details
Main Authors: Zikmund, William G. (Author), Babin, Barry J. (Author), Carr, Jon C. (Author), Griffin, Mitch (Author)
Format: Book
Language:English
Published: Australia ; Delhi, India ; United Kingdom ; United States : Cengage Learning, c2013
Edition:Ninth edition.
Subjects:
Classic Catalogue: View this record in Classic Catalogue
LEADER 03946nam a22004217a 4500
001 30768
003 BD-DhAAL
005 20251118125923.0
008 151231s2013 xxua b 001 0 eng d
020 |a 9789353503260 (paperback) 
020 |a 9353503264 (paperback) 
020 |a 9781305037144 
020 |a 1305037146 
040 |a BD-DhAAL  |c BD-DhAAL 
082 1 4 |a 658.403072  |2 23 
245 1 |a Business research methods /  |c William G. Zikmund ... [et al.]. 
250 |a Ninth edition. 
260 |a Australia ;  |a Delhi, India ;  |a United Kingdom ;  |a United States :  |b Cengage Learning,  |c c2013  |g (2023 printing) 
300 |a xxv, 670 pages,  |a xxiv, 664 pages :  |b illustrations (some colors) ;  |c 27 cm 
504 |6 Includes bibliographical reference and index. 
526 8 |a CED, BBS  |x Md. Mizanur Rahman, PhD Associate Professor BRAC Business School BRAC University Course Name and No. : Research Methods and Business Analytics (BUS232) 
541 1 |a Trim Education  |e 30768, 45078, 45079, 45080, 45081, 45082, 45083 
650 0 |a Management  |x Research.  |9 17107 
650 0 |a Business  |x Research.  |9 17108 
700 1 |a Zikmund, William G.,  |e author. 
700 1 |a Babin, Barry J.,  |e author.  |9 59844 
700 1 |a Carr, Jon C.,  |e author.  |9 59845 
700 1 |a Griffin, Mitch,  |e author.  |9 59846 
852 1 |a Ayesha Abed Library  |c General Stacks 
942 |2 ddc  |c BK 
999 |c 36220  |d 36220 
952 |0 0  |1 0  |2 ddc  |3 Need to change Author Mark  |4 0  |6 658_403072000000000_ZIK  |7 0  |9 57448  |a CED  |b CED  |c GEN  |d 2015-12-31  |e Trim Education  |g 5440.00  |l 0  |o 658.403072 ZIK  |p 3010030768  |r 2015-12-31  |t 1  |w 2015-12-31  |y BK 
952 |0 0  |1 0  |2 ddc  |4 0  |6 658_403072000000000_BUS  |7 0  |9 78510  |a BRACUL  |b BRACUL  |c GEN  |d 2025-11-04  |e Trim Education  |g 1250.00  |l 0  |o 658.403072 BUS  |p 3010045082  |r 2025-11-04  |t 6  |v 2500.00  |w 2025-11-04  |y BK  |x Requisitioned by Md. Mizanur Rahman (Associate Professor, BRAC Business School, BRAC University) for the course named - 'Research Methods and Business Analytics (BUS232)' 
952 |0 0  |1 0  |2 ddc  |4 0  |6 658_403072000000000_BUS  |7 0  |9 78511  |a BRACUL  |b BRACUL  |c GEN  |d 2025-11-04  |e Trim Education  |g 1250.00  |l 0  |o 658.403072 BUS  |p 3010045081  |r 2025-11-04  |t 5  |v 2500.00  |w 2025-11-04  |y BK  |x Requisitioned by Md. Mizanur Rahman (Associate Professor, BRAC Business School, BRAC University) for the course named - 'Research Methods and Business Analytics (BUS232)' 
952 |0 0  |1 0  |2 ddc  |4 0  |6 658_403072000000000_BUS  |7 0  |9 78512  |a BRACUL  |b BRACUL  |c GEN  |d 2025-11-04  |e Trim Education  |g 1250.00  |l 0  |o 658.403072 BUS  |p 3010045080  |r 2025-11-04  |t 4  |v 2500.00  |w 2025-11-04  |y BK  |x Requisitioned by Md. Mizanur Rahman (Associate Professor, BRAC Business School, BRAC University) for the course named - 'Research Methods and Business Analytics (BUS232)' 
952 |0 0  |1 0  |2 ddc  |4 0  |6 658_403072000000000_BUS  |7 0  |9 78513  |a BRACUL  |b BRACUL  |c NEW  |d 2025-11-04  |e Trim Education  |g 1250.00  |l 1  |m 17  |o 658.403072 BUS  |p 3010045078  |q 2026-05-17  |r 2025-12-13  |s 2025-12-13  |t 2  |v 2500.00  |w 2025-11-04  |y BK  |x Requisitioned by Md. Mizanur Rahman (Associate Professor, BRAC Business School, BRAC University) for the course named - 'Research Methods and Business Analytics (BUS232)' 
952 |0 0  |1 0  |2 ddc  |4 0  |6 658_403072000000000_BUS  |7 0  |9 78514  |a BRACUL  |b BRACUL  |c GEN  |d 2025-11-04  |e Trim Education  |g 1250.00  |l 0  |o 658.403072 BUS  |p 3010045083  |r 2025-11-04  |t 7  |v 2500.00  |w 2025-11-04  |y BK  |x Requisitioned by Md. Mizanur Rahman (Associate Professor, BRAC Business School, BRAC University) for the course named - 'Research Methods and Business Analytics (BUS232)' 
952 |0 0  |1 0  |2 ddc  |4 0  |6 658_403072000000000_BUS  |7 0  |9 78515  |a BRACUL  |b BRACUL  |c CIR  |d 2025-11-04  |e Trim Education  |g 1250.00  |l 0  |o 658.403072 BUS  |p 3010045079  |r 2025-11-04  |t 3  |v 2500.00  |w 2025-11-04  |y 1HOUR  |x Requisitioned by Md. Mizanur Rahman (Associate Professor, BRAC Business School, BRAC University) for the course named - 'Research Methods and Business Analytics (BUS232)' ; As instructed by the University Librarian, the book has been placed on a one hour loan period following the receipt of more than five copies.